La liebre y la tortuga : (Record no. 19041)

MARC details
000 -LEADER
fixed length control field 01266cam a2200373 a 4500
001 - CONTROL NUMBER
control field 61453877
003 - CONTROL NUMBER IDENTIFIER
control field OCoLC
005 - DATE AND TIME OF LATEST TRANSACTION
control field 20200216184423.0
008 - FIXED-LENGTH DATA ELEMENTS--GENERAL INFORMATION
fixed length control field 050816s2005 mnua b 000 0 spa
010 ## - LIBRARY OF CONGRESS CONTROL NUMBER
LC control number 2005023456
020 ## - INTERNATIONAL STANDARD BOOK NUMBER
International Standard Book Number 1404816240 (hard cover)
020 ## - INTERNATIONAL STANDARD BOOK NUMBER
International Standard Book Number 9781404816244 (hard cover)
035 ## - SYSTEM CONTROL NUMBER
System control number (OCoLC)61453877
040 ## - CATALOGING SOURCE
Original cataloging agency DLC
Transcribing agency DLC
Modifying agency BAKER
-- XY4
-- BTCTA
-- OCL
-- CO2
041 1# - LANGUAGE CODE
Language code of text/sound track or separate title spa
Language code of original eng
042 ## - AUTHENTICATION CODE
Authentication code lcac
049 ## - LOCAL HOLDINGS (OCLC)
Holding library CO2A
092 ## - LOCALLY ASSIGNED DEWEY CALL NUMBER (OCLC)
Feature heading SPA J
Classification number 398.2
Item number WHITE
100 1# - MAIN ENTRY--PERSONAL NAME
Personal name White, Mark,
Dates associated with a name 1971-
240 10 - UNIFORM TITLE
Uniform title <a href="Tortoise and the hare.">Tortoise and the hare.</a>
Language of a work Spanish.
245 13 - TITLE STATEMENT
Title La liebre y la tortuga :
Remainder of title version de la fabula de Esopo /
Statement of responsibility, etc. por Mark White ; ilustrado por Sara Rojo ; traduccion, Patricia Abello.
260 ## - PUBLICATION, DISTRIBUTION, ETC. (IMPRINT)
Place of publication, distribution, etc. Minneapolis :
Name of publisher, distributor, etc. Picture Window Books,
Date of publication, distribution, etc. 2005.
300 ## - PHYSICAL DESCRIPTION
Extent 24 p. :
Other physical details ill. ;
Dimensions 22 cm.
490 1# - SERIES STATEMENT
Series statement Read-it! readers. Nivel amarillo.
520 ## - SUMMARY, ETC.
Summary, etc. Recounts the famous tale of the race between the persevering turtle and the boastful rabbit.
650 #0 - SUBJECT ADDED ENTRY--TOPICAL TERM
Topical term or geographic name as entry element Fables
Form subdivision Juvenile literature.
650 #0 - SUBJECT ADDED ENTRY--TOPICAL TERM
Topical term or geographic name as entry element Folklore
Form subdivision Juvenile literature.
690 ## - LOCAL SUBJECT ADDED ENTRY--TOPICAL TERM (OCLC, RLIN)
Topical term or geographic name as entry element Spanish language materials.
700 0# - ADDED ENTRY--PERSONAL NAME
Personal name Aesop.
700 1# - ADDED ENTRY--PERSONAL NAME
Personal name Rojo, Sara,
Relator term ill.
700 1# - ADDED ENTRY--PERSONAL NAME
Personal name Abello, Patricia.
830 #0 - SERIES ADDED ENTRY--UNIFORM TITLE
Uniform title Read-it! readers.
Name of part/section of a work Yellow level.
942 ## - ADDED ENTRY ELEMENTS (KOHA)
Source of classification or shelving scheme Dewey Decimal Classification
Koha item type Libro/Book
Holdings
Withdrawn status Lost status Damaged status Not for loan Home library Current library Date acquired Total Checkouts Barcode Date last seen Date checked out Price effective from Koha item type Inventory number Source of classification or shelving scheme
        Capulin -- Satellite Capulin -- Satellite 13/05/2016 1 35100111 22/03/2021 22/02/2021 13/05/2016 Libro/Book Inventory date: 7/7/25  
        San Juan Del Sur -- Biblioteca San Juan Del Sur -- Biblioteca 06/05/2014 20 30002214 29/12/2015 21/12/2015 06/05/2014 Libro/Book    
        Sevadilla -- Satellite Sevadilla -- Satellite 24/10/2017   35400875 24/10/2017   24/10/2017 Libro/Book   Dewey Decimal Classification

Powered by Koha